02480nam a22002657a 450000500170000000800410001702000180005804000070007604100120008308200210009510000290011624500700014526000300021530000360024536500600028152015260034165000330186765000230190065000290192365000300195270000310198294200120201399900190202595201700204420230726100334.0230721b ||||| |||| 00| 0 eng d a9780143460268 cAL aEnglish 223a355.03bMAJI aUshinor Majumdar9128387 aIndias Secret War: BSF and Nine Months to the Birth of Bangladesh bPenguin Veerc2023aIndia axviii,289 p.bPBc21.5x13.6 cm. aBLCR-000023b₹399.00c₹d₹499.00e20%f11-07-2023 aTriggered by the US-backed Pakistani junta’s brutal measures against the Bengalis, Sheikh Mujibur Rahman proclaimed the independence of East Pakistan on 26 March 1971. They needed the world’s support, and India was their first ally. The Border Security Force (BSF), an elite Indian force, was only five years old at the time and became central to India’s sustained military response in East Pakistan for nine months, until the alliance of Indian and Bangladeshi forces won Dacca. The BSF’s founding chief, K.F. Rustamji, and his men went beyond their charter of policing borders to respond to one of the world’s worst humanitarian crises that was unfolding right next door to India. For nine months, till the 1971 India-Pakistan war, they covertly gave support to the forces of resistance, through clandestine missions and black ops deep in East Pakistan, while diplomats and politicians primed the world for the war. They welcomed democratically elected politicians and helped establish them as the government-in-exile, installed a clandestine radio station, triggered the defections of East Pakistani diplomats and foiled the Pakistan Army’s tactical trump card to damage the Indian Air Force bases. With access to classified records and through exhaustive interviews with surviving veterans, award-winning investigative reporter Ushinor Majumdar has crafted this first comprehensive historical account of the BSF’s role in the Bangladesh liberation war, which changed the course of South Asian history. aDiplomatic Relations9128220 aBangladesh9128221 aRadio Revolution9128222 a Military Science9128223 aMAJUMDAR (Ushinor)9128075 2ddccBK c228050d228050 00102ddc40708PSaALbALd2023-07-20eNavakarnataka Publications Pvt.Ltd.g399.00l1o355.03 MAJIp076595r2025-04-01 07:17:33s2025-03-13v499.00w2023-07-21yBK